| 000 | 00739nam a2200289Ia 4500 | ||
|---|---|---|---|
| 003 | OSt | ||
| 005 | 20221007111100.0 | ||
| 006 | a|||||r|||| 00| 0 | ||
| 007 | ta | ||
| 008 | 221006b |||||||| |||| 00| 0 eng d | ||
| 024 | _a22,519 | ||
| 037 | _cTextual | ||
| 040 |
_aLCO _cLCO _beng |
||
| 041 |
_2eng _aeng |
||
| 082 | _aX724qN61, K2 | ||
| 100 | _aManchanda S.C. | ||
| 245 | 0 | _aIncome Tax Act | |
| 250 | _a2nd | ||
| 260 |
_aAllahabad _bLaw Publishers _c1962 |
||
| 300 | _a512+23 | ||
| 500 | _aAct No. 43 of 1961 | ||
| 650 | _aINCOME TAX | ||
| 700 | _a Malik B. | ||
| 700 | _a Srinivasan K. | ||
| 942 |
_hX724qN61, K2 _cTEXL |
||
| 999 |
_c1192082 _d1192082 |
||